| 000 | 01264nam a2200241Ii 4500 | ||
|---|---|---|---|
| 003 | JO-AjNU | ||
| 005 | 20240626140703.0 | ||
| 008 | 230605s9999||||xx |||||||||||||| ||und|| | ||
| 040 |
_aJO-AjNU _bara _erda _cJO-AjNU |
||
| 041 | _aara | ||
| 050 | 1 | 4 | _aJQ1850.2020 |
| 100 | 1 |
_aالجبوري، عبد حمد عبد سليمان _eمعد _965716 |
|
| 245 | 0 |
_aالاساس القانوني في مبدأ توازن السلطات في النظم الدستورية الحديثة (دراسة مقارنة)=The Legal Foundation in Principle of Uthorities Balance in the Modern Constitutional System (A comparative Study / _cاعداد عبد حمد عبد سليمان الجبوري؛ اشراف زيد ابراهيم غرايبة |
|
| 264 | 3 | 1 | _a2020 |
| 300 | _a109 ورقة | ||
| 336 |
_atext _btxt _2rdacontent |
||
| 337 |
_aunmediated _bn _2rdamedia |
||
| 338 |
_avolume _bnc _2rdacarrier |
||
| 500 | _aرسالة جامعية(اطروحة ماجستير) جامعة عجلون الوطنية ،كلية الحقوق، القانون 2020، يحتوي على قائمة مراجع من ص102-109ص | ||
| 650 | 4 |
_aالنظم الدستورية الحديثة _959740 |
|
| 700 | 1 |
_aالغرايبة، زيد ابراهيم _eمشرف _965199 |
|
| 942 |
_2lcc _cTHS |
||
| 999 |
_c30466 _d30466 |
||